Vida, ascendencia, nacimiento, crianza y aventuras del doctor D. Diego de Torres Villarroel ... / (Record no. 187485)

MARC details
000 -LEADER
campo de control de longitud fija 01133nam a2200217 i 4500
001 - NÚMERO DE CONTROL
campo de control 187485
003 - IDENTIFICADOR DE NÚMERO DE CONTROL
campo de control ES-MaACL
005 - FECHA Y HORA DE LA ÚLTIMA TRANSACCIÓN
campo de control 20250730063159.0
008 - DATOS DE LONGITUD FIJA--INFORMACIÓN GENERAL
campo de control de longitud fija 170823s1799 sp |||| | spa d
100 1# - ENTRADA PRINCIPAL--NOMBRE DE PERSONA
Nombre de persona Torres Villarroel, Diego de,
Fechas asociadas al nombre 1693-1770
9 (RLIN) 111026
245 10 - MENCIÓN DEL TÍTULO
Título Vida, ascendencia, nacimiento, crianza y aventuras del doctor D. Diego de Torres Villarroel ... /
Mención de responsabilidad, etc. escrita por el mismo ... Diego de Torres Villarroel ; Tomo XV.
260 ## - PUBLICACIÓN, DISTRIBUCIÓN, ETC.
Lugar de publicación, distribución, etc. Madrid :
Nombre del editor, distribuidor, etc. en la Imprenta de la Viuda de Ibarra,
Fecha de publicación, distribución, etc. 1799.
300 ## - DESCRIPCIÓN FÍSICA
Extensión [8], 316 p. ;
Dimensiones 15 cm.
510 3# - NOTA DE CITAS O REFERENCIAS BIBLIOGRÁFICAS
Nombre de la fuente Aguilar Piñal. Bib. S.XVIII|cv. 8, 822
530 ## - NOTA DISPONIBLE DE FORMULARIO FÍSICO ADICIONAL
Nota de formato físico adicional disponible Disponible en formato digital.
596 ## - NOTA AL PIE DE IMPRENTA
NOTA AL PIE DE IMPRENTA Marca tipográfica en portada.
598 ## - NOTA LOCAL
Nota local Según Francisco Aguilar Piñal, la edición de la Viuda de Ibarra, 1794-1799, supone la segunda edición de las Obras completas de Diego de Torres Villarroel, en 15 tomos, que carecen de título genérico.
852 ## - LOCALIZACIÓN
Ubicación ES-MaACL
Número de control de estantería R-2207-21
Nota libre .- Enc. pasta española. Olim: C- 31414-28.
856 ## - LOCALIZACIÓN Y ACCESO ELECTRÓNICOS
Identificador Uniforme de Recursos <a href="http://bdh-rd.bne.es/viewer.vm?id=0000093753&page=1 ">http://bdh-rd.bne.es/viewer.vm?id=0000093753&page=1 </a>
Nota pública Biblioteca Digital Hispánica
Holdings
Estatus retirado Estado de pérdida Estado de daño No para préstamo Colección Biblioteca de origen Biblioteca actual Ubicación en estantería Fecha de adquisición Fuente de adquisición Total de préstamos Signatura topográfica completa Código de barras Visto por última vez Precio de reemplazo Tipo de ítem Koha
        Colección digital Biblioteca del Ateneo de Madrid Biblioteca del Ateneo de Madrid Depósito 23/08/2017     R-2207-21 1197950 23/02/2023 23/02/2023 Libro impreso antiguo